Nestačí len vstúpiť, treba aj obstáť
Diskusie o zmysle vstupu Slovenska do EÚ. Možné riziká a negatíva tohto kroku. Časový harmonogram vstupu do EÚ. Vplyvy a dôsledky členstva. Hodnoty a identita slovenského národa po vstupe do EÚ.
Gespeichert in:
| 1. Verfasser: | |
|---|---|
| Format: | Buchkapitel |
| Sprache: | Slowakisch |
| Schlagworte: | |
| Tags: |
Keine Tags, Fügen Sie das erste Tag hinzu!
|
MARC
| LEADER | 00000naa a2200000 4500 | ||
|---|---|---|---|
| 001 | r049059 | ||
| 005 | 20230927091622.4 | ||
| 041 | 0 | |a slo | |
| 044 | |a SK | ||
| 245 | 1 | 0 | |a Nestačí len vstúpiť, treba aj obstáť |c Albín Otruba |
| 520 | |a Diskusie o zmysle vstupu Slovenska do EÚ. Možné riziká a negatíva tohto kroku. Časový harmonogram vstupu do EÚ. Vplyvy a dôsledky členstva. Hodnoty a identita slovenského národa po vstupe do EÚ. | ||
| 610 | 2 | 0 | |a integrácia ekonomická medzinárodná |
| 610 | 2 | 0 | |a Slovensko |
| 610 | 2 | 0 | |a Európska únia |
| 610 | 2 | 0 | |a riziko |
| 610 | 2 | 0 | |a harmonogramy časové |
| 610 | 2 | 0 | |a identita |
| 610 | 2 | 0 | |a národ |
| 100 | 1 | |a Otruba, Albín | |